| 000 | 01434cam a2200265 a 4500 | ||
|---|---|---|---|
| 999 |
_c12053 _d12053 |
||
| 003 | OSt | ||
| 005 | 20231117152913.0 | ||
| 008 | 080815s2008 ilua b 000 0 eng | ||
| 020 | _a9781930066885 | ||
| 040 | _aBMSCA | ||
| 041 | _aeng. | ||
| 082 | 0 | 0 |
_a388.409 _222 _bDAR |
| 100 | 1 | _aNordahl, Darrin. | |
| 245 | 1 | 0 |
_aMy kind of transit : _brethinking public transportation in America / _cDarrin Nordahl. |
| 250 | _a1st ed. | ||
| 260 |
_aChicago : _bThe Center for American Places at Columbia College in association with The Elizabeth Firestone Graham Foundation : _bDistributed by the University of Chicago Press, _c2008. |
||
| 300 |
_axv, 175 p. : _bcol. ill. ; _c24 cm. |
||
| 490 | 0 |
_aMy kind of transit ; _vv. 30 |
|
| 504 | _aIncludes bibliographical references (p. 165-168). | ||
| 505 | 0 | _aIntroduction the positive transit experience -- Disneyland : the fundamentals of an enjoyable ride -- Cable cars in San Francisco -- Streetcars in New Orleans and San Francisco -- Monorails in Seattle and Las Vegas -- Shuttles in Santa Barbara, Phoenix, and Chattanooga -- Taxicabs in New York City -- Funiculars in Pittsburgh -- Aerials and elevateds in New York City and Chicago -- Conclusion creating positive transit experiences. | |
| 650 | 0 |
_aLocal transit _zUnited States _vCase studies. |
|
| 650 | 0 |
_aUrban transportation _zUnited States _vCase studies. |
|
| 650 | 0 |
_aLocal transit _zUnited States _xSocial aspects. |
|
| 942 | _2ddc | ||